[Event "Women's Speed Chess Q2"]
[Site "chess.com INT"]
[Date "2021.05.29"]
[Round "4"]
[White "Zaichenko, Daria"]
[Black "Antova, Gabriela"]
[Result "0-1"]
[WhiteTitle "WFM"]
[BlackTitle "FM"]
[WhiteElo "2104"]
[BlackElo "2250"]
[WhiteFideId "4197453"]
[BlackFideId "2915235"]
[EventDate "2021.05.29"]

1. e4 c5 2. Nf3 Nc6 3. d4 cxd4 4. Nxd4 e5 5. Nb5 d6 6. N1c3 a6 7. Na3 b5 8. Nd5
Nge7 9. c4 Nxd5 10. exd5 Nd4 11. cxb5 Bd7 12. bxa6 Qa5+ 13. Bd2 Qxd5 14. f3 Be7
15. Bc4 Bh4+ 16. Kf1 Qc5 17. Rc1 Qb6 18. g3 Bh3+ 19. Ke1 Bg2 20. Qa4+ Ke7 21.
gxh4 Bxh1 22. Ba5 Nxf3+ 23. Kf1 Nxh2+ 24. Ke1 Qe3+ 25. Kd1 Bf3+ 26. Kc2 Be4+ 27.
Kd1 Ng4 28. Be2 Nf2+ 29. Ke1 Nd3+ 30. Kd1 Qxc1# 0-1

[Event "Women's Speed Chess Q2"]
[Site "chess.com INT"]
[Date "2021.05.29"]
[Round "4"]
[White "Khalafova, Narmin"]
[Black "Froewis, Annika"]
[Result "1-0"]
[WhiteTitle "WGM"]
[BlackTitle "WFM"]
[WhiteElo "2279"]
[BlackElo "2143"]
[WhiteFideId "13402625"]
[BlackFideId "1621432"]
[EventDate "2021.05.29"]

1. e4 e5 2. Nf3 Nc6 3. Bb5 a6 4. Ba4 Nf6 5. O-O b5 6. Bb3 Bc5 7. c3 d6 8. h3 O-O
9. d4 Bb6 10. Re1 h6 11. a4 Rb8 12. Be3 Re8 13. Nbd2 exd4 14. cxd4 Nb4 15. Qb1
c5 16. axb5 axb5 17. dxc5 dxc5 18. e5 Nfd5 19. Ne4 Nxe3 20. fxe3 c4 21. Bc2 Nc6
22. Nd6 Nxe5 23. Nxe8 Nxf3+ 24. gxf3 Qxe8 25. Kf2 Bxh3 26. Bf5 Bxf5 27. Qxf5 Rd8
28. Re2 b4 29. Rae1 c3 30. bxc3 bxc3 31. Qe4 Qxe4 32. fxe4 Rc8 33. Rc2 f6 34.
Rd1 Kf7 35. Rd6 Ba5 36. Rd7+ Kg6 37. Kf3 Rb8 38. Rg2+ Kh5 39. Rdxg7 Rb2 40. Rg1 1-0

[Event "Women's Speed Chess Q2"]
[Site "chess.com INT"]
[Date "2021.05.29"]
[Round "4"]
[White "Bodnaruk, Anastasia"]
[Black "Tarasova, Viktoriya"]
[Result "0-1"]
[WhiteTitle "IM"]
[BlackTitle "WIM"]
[WhiteElo "2457"]
[BlackElo "2226"]
[WhiteFideId "4181751"]
[BlackFideId "4175840"]
[EventDate "2021.05.29"]

1. e4 c5 2. Nc3 d6 3. Nge2 g6 4. d4 cxd4 5. Nxd4 Bg7 6. Be3 Nc6 7. Bc4 Nf6 8. f3
O-O 9. Qd2 Bd7 10. h4 Rc8 11. Bb3 Nxd4 12. Bxd4 b5 13. h5 b4 14. Nd5 a5 15. hxg6
hxg6 16. Nxf6+ exf6 17. Qf4 a4 18. Bd5 Bc6 19. Bxc6 Rxc6 20. Be3 Qa5 21. Rd1
Rxc2 22. Qh4 Rfc8 23. Rxd6 b3+ 24. Bd2 Rc1+ 25. Kf2 Qc5+ 26. Be3 Rc2+ 27. Kg3
Qxd6+ 28. Bf4 Qc5 29. Qh7+ Kf8 30. Rd1 Qf2+ 31. Kg4 Qxg2+ 32. Bg3 f5+ 33. exf5
R2c4+ 34. f4 Qe2+ 35. Kg5 f6+ 36. Kxg6 Qg4# 0-1

[Event "Women's Speed Chess Q2"]
[Site "chess.com INT"]
[Date "2021.05.29"]
[Round "4"]
[White "Bivol, Alina"]
[Black "Vo, Thi Kim Phung"]
[Result "1/2-1/2"]
[WhiteTitle "WGM"]
[BlackTitle "WGM"]
[WhiteElo "2385"]
[BlackElo "2335"]
[WhiteFideId "4100123"]
[BlackFideId "12401838"]
[EventDate "2021.05.29"]

1. e4 e6 2. d4 d5 3. Bd3 Nf6 4. e5 Nfd7 5. f4 c5 6. c3 b6 7. Nf3 Ba6 8. O-O Be7
9. f5 Bxd3 10. Qxd3 exf5 11. Qxf5 O-O 12. Na3 Nc6 13. Nc2 b5 14. Bg5 h6 15. Bxe7
Nxe7 16. Qg4 cxd4 17. cxd4 Nb6 18. b3 Qc8 19. Qxc8 Raxc8 20. Nb4 Rc3 21. Na6 Nf5
22. Nc5 Nxd4 23. Nxd4 Rxc5 24. e6 Rc7 25. Rae1 Re7 26. Nf5 Rc7 27. e7 Re8 28.
Re5 Rd7 29. Rfe1 Nc8 30. Kf2 g6 31. Nxh6+ Kg7 32. Ng4 Rexe7 33. Rc1 Nb6 34. Rc6
Rxe5 35. Nxe5 Re7 36. Nd3 Rd7 37. Nc5 Re7 38. Nd3 Rd7 39. Nc5 Re7 40. Nd3 1/2-1/2

[Event "Women's Speed Chess Q2"]
[Site "chess.com INT"]
[Date "2021.05.29"]
[Round "4"]
[White "Petrova, Irina"]
[Black "Belenkaya, Dina"]
[Result "1-0"]
[WhiteTitle "WIM"]
[BlackTitle "WGM"]
[WhiteElo "2110"]
[BlackElo "2304"]
[WhiteFideId "14124122"]
[BlackFideId "24142654"]
[EventDate "2021.05.29"]

1. e4 d5 2. exd5 Qxd5 3. Nc3 Qe5+ 4. Be2 c6 5. Nf3 Qc7 6. O-O Nf6 7. d4 Bf5 8.
Bg5 e6 9. Bh4 Bd6 10. Re1 Nbd7 11. Bd3 Bxd3 12. Qxd3 O-O-O 13. a4 h6 14. a5 a6
15. Ne4 Bf4 16. Bg3 g5 17. Nxf6 Nxf6 18. Ne5 h5 19. c4 Rhg8 20. b4 h4 21. Bxf4
gxf4 22. b5 h3 23. Qxh3 Rxd4 24. bxc6 bxc6 25. Rab1 Ne4 26. Qh7 Nf6 27. Qh3 Ne4
28. Qh7 Nf6 29. Qxf7 Qxf7 30. Nxf7 Kc7 31. Rb6 Rxc4 32. h3 Ne4 33. Rxa6 1-0

[Event "Women's Speed Chess Q2"]
[Site "chess.com INT"]
[Date "2021.05.29"]
[Round "4"]
[White "Rakshitta, Ravi"]
[Black "Cori T., Deysi"]
[Result "0-1"]
[WhiteTitle "WIM"]
[BlackTitle "WGM"]
[WhiteElo "2190"]
[BlackElo "2388"]
[WhiteFideId "25073230"]
[BlackFideId "3801934"]
[EventDate "2021.05.29"]

1. e4 e6 2. d4 d5 3. Nc3 Nf6 4. exd5 Nxd5 5. Nf3 Be7 6. Be2 O-O 7. O-O Nxc3 8.
bxc3 c5 9. Be3 Nc6 10. dxc5 Qa5 11. Bd3 Qxc3 12. Rb1 e5 13. Rb3 Qa5 14. Bc4 Bg4
15. h3 Bc8 16. Bg5 Qxc5 17. Rc3 Qb4 18. Bd2 Qd6 19. Rd3 Qg6 20. Nh2 Qe4 21. Bd5
Qh4 22. Rg3 Bf6 23. c3 Ne7 24. Bb3 Nf5 25. Rg4 Qh5 26. Qf3 Kh8 27. Re1 Nh4 28.
Qg3 Bxg4 29. hxg4 Qg6 30. f4 exf4 31. Bxf4 Rfe8 32. Rf1 Qe4 33. g5 Nf5 34. Qg4
Bxc3 35. Bxf7 Bd4+ 36. Kh1 Rf8 37. g6 Nh6 38. gxh7 Nxg4 39. Nxg4 Rxf7 0-1

[Event "Women's Speed Chess Q2"]
[Site "chess.com INT"]
[Date "2021.05.29"]
[Round "4"]
[White "Bommini, Mounika Akshaya"]
[Black "Zaksaite, Salomeja"]
[Result "1-0"]
[WhiteTitle "WFM"]
[BlackTitle "WIM"]
[WhiteElo "2029"]
[BlackElo "2202"]
[WhiteFideId "25019872"]
[BlackFideId "12801496"]
[EventDate "2021.05.29"]

1. b4 e6 2. a3 g6 3. Bb2 Nf6 4. c4 Bg7 5. d4 O-O 6. Nf3 d6 7. e3 b6 8. Bd3 Bb7
9. O-O Nbd7 10. Nc3 a6 11. e4 c5 12. d5 e5 13. Nd2 Ne8 14. f4 exf4 15. Rxf4 Ne5
16. Be2 Qg5 17. Qf1 Bh6 18. g3 Qe7 19. Nd1 Bxf4 20. gxf4 Nd7 21. Qg2 f5 22. Ne3
Nef6 23. Nxf5 Qd8 24. Nxd6 Ra7 25. e5 Ne8 26. Nxb7 Rxb7 27. Rf1 Ng7 28. e6 Nf6
29. d6 Qxd6 30. Qxb7 Qxd2 31. e7 Qe3+ 32. Rf2 Re8 33. Bxf6 Nf5 34. Qd5+ 1-0

[Event "Women's Speed Chess Q2"]
[Site "chess.com INT"]
[Date "2021.05.29"]
[Round "4"]
[White "Mrudul, Dehankar"]
[Black "Purtseladze, Maka"]
[Result "1-0"]
[WhiteTitle "WIM"]
[BlackTitle "IM"]
[WhiteElo "2256"]
[BlackElo "2274"]
[WhiteFideId "25096990"]
[BlackFideId "13602659"]
[EventDate "2021.05.29"]

1. e4 c6 2. d4 d5 3. Nd2 g6 4. Ngf3 Bg4 5. e5 Bg7 6. h3 Bxf3 7. Nxf3 e6 8. c3
Ne7 9. h4 h5 10. Bg5 Qb6 11. Bd3 Nf5 12. O-O Nd7 13. a4 a5 14. Qd2 O-O 15. Rfe1
Rfe8 16. Qf4 Nf8 17. g4 hxg4 18. Qxg4 Qxb2 19. Bd2 Qb6 20. h5 Qc7 21. Kg2 b5 22.
Rh1 bxa4 23. Nh4 gxh5 24. Qxh5 Nxh4+ 25. Rxh4 Ng6 26. Qh7+ Kf8 27. Bxg6 fxg6 28.
Rf4+ Ke7 29. Qxg7+ Kd8 30. Rf7 Re7 31. Qf8+ Kd7 32. Qxe7+ Kc8 33. Qxc7# 1-0

[Event "Women's Speed Chess Q2"]
[Site "chess.com INT"]
[Date "2021.05.29"]
[Round "4"]
[White "Chu, Ruotong"]
[Black "Kairbekova, Amina"]
[Result "1-0"]
[WhiteTitle "WIM"]
[BlackTitle "WFM"]
[WhiteElo "2207"]
[BlackElo "2132"]
[WhiteFideId "8605653"]
[BlackFideId "13712799"]
[EventDate "2021.05.29"]

1. d4 d5 2. c4 e6 3. Nf3 a6 4. b3 Nf6 5. g3 dxc4 6. bxc4 c5 7. Bb2 Nc6 8. Bg2
cxd4 9. Nxd4 Bb4+ 10. Kf1 O-O 11. Qd3 Nxd4 12. Qxd4 Qxd4 13. Bxd4 Rd8 14. e3 Ng4
15. a3 Ba5 16. Bc3 Bb6 17. Nd2 Bd7 18. Ke2 Rac8 19. Bxb7 Rc7 20. Bxa6 Bc6 21.
Rhb1 Ba7 22. h3 Nf6 23. Ba5 Rcd7 24. Bxd8 Rxd8 25. Bb7 Be8 26. Ne4 Nd7 27. Rd1
Rb8 28. Bc6 Rb2+ 29. Kf1 Ne5 30. Bxe8 Nxc4 31. Bb5 Rxb5 32. Rd8# 1-0

[Event "Women's Speed Chess Q2"]
[Site "chess.com INT"]
[Date "2021.05.29"]
[Round "4"]
[White "Vantika, Agrawal"]
[Black "Vaishali, R"]
[Result "1-0"]
[WhiteTitle "WIM"]
[BlackTitle "WGM"]
[WhiteElo "2286"]
[BlackElo "2393"]
[WhiteFideId "25050389"]
[BlackFideId "5091756"]
[EventDate "2021.05.29"]

1. d4 d5 2. c4 e6 3. Nf3 Nf6 4. g3 Bd6 5. Bg2 O-O 6. O-O h6 7. Qc2 b6 8. cxd5
exd5 9. Nc3 a6 10. b3 Bb7 11. Bb2 Nbd7 12. Rfd1 Re8 13. Rac1 Qe7 14. e3 Rac8 15.
Nh4 Qe6 16. Nf5 g6 17. Nxd6 Qxd6 18. Qd2 h5 19. Qd3 Qe6 20. Ne2 Ne4 21. Nf4 Qd6
22. f3 Ng5 23. Re1 f5 24. h4 Nf7 25. e4 dxe4 26. fxe4 fxe4 27. Bxe4 Bxe4 28.
Rxe4 Nf8 29. Rce1 Rxe4 30. Qxe4 c6 31. d5 Qc5+ 32. Kh1 cxd5 33. Nxd5 Qc6 34.
Ne7+ 1-0

[Event "Women's Speed Chess Q2"]
[Site "chess.com INT"]
[Date "2021.05.29"]
[Round "4"]
[White "Klinova, Masha"]
[Black "Ovezdurdiyeva, Jemal"]
[Result "1-0"]
[WhiteTitle "IM"]
[BlackTitle "WFM"]
[WhiteElo "2275"]
[BlackElo "2061"]
[WhiteFideId "2802015"]
[BlackFideId "14001888"]
[EventDate "2021.05.29"]

1. e4 d6 2. Nf3 Nf6 3. Nc3 g6 4. d4 c6 5. Be2 b5 6. e5 dxe5 7. dxe5 Qxd1+ 8.
Nxd1 Nd5 9. Ne3 Nf4 10. Bd1 Bg7 11. O-O Ne6 12. c4 O-O 13. Bb3 Nf4 14. Bd1 Nd7
15. g3 Nh3+ 16. Kg2 Nxe5 17. Nxe5 Bxe5 18. Bf3 Ng5 19. Bxc6 Bh3+ 20. Kg1 Bxf1
21. Bxa8 Bxc4 22. Nxc4 bxc4 23. Bd5 c3 24. Bxg5 cxb2 25. Rb1 Rd8 26. Bb3 Kf8 27.
Kf1 f6 28. Be3 a5 29. Ke2 Ra8 30. a4 Rb8 31. Bc4 Rb4 32. Bb5 g5 33. Bd2 Re4+ 34.
Kd1 Rd4 35. Kc2 Rd8 36. Bxa5 Rc8+ 37. Kb3 Rc1 38. Bd3 h5 39. Bd2 Rc7 40. Bb5 Rc8
41. a5 h4 42. a6 Rc7 43. Be3 hxg3 44. hxg3 Rc3+ 45. Ka2 Rc8 46. a7 f5 47. Bc6 f4
48. gxf4 gxf4 49. Bb6 1-0

[Event "Women's Speed Chess Q2"]
[Site "chess.com INT"]
[Date "2021.05.29"]
[Round "4"]
[White "Pourkashiyan, Atousa"]
[Black "Agrest, Inna"]
[Result "1-0"]
[WhiteTitle "WGM"]
[BlackTitle "WIM"]
[WhiteElo "2322"]
[BlackElo "2285"]
[WhiteFideId "12502014"]
[BlackFideId "1708830"]
[EventDate "2021.05.29"]

1. e4 e5 2. Nf3 Nc6 3. Bb5 a6 4. Ba4 Nf6 5. O-O b5 6. Bb3 Bc5 7. c3 d6 8. d4 Bb6
9. h3 O-O 10. Re1 Bb7 11. Bc2 h6 12. Be3 exd4 13. Nxd4 Ne5 14. Nd2 Re8 15. Nf5
Bxe3 16. Rxe3 Qd7 17. Rg3 Ng6 18. Qf3 Nh7 19. h4 Kh8 20. h5 Ne5 21. Qe3 Rg8 22.
Bb3 Rae8 23. Rd1 d5 24. Qf4 c5 25. exd5 c4 26. Bc2 Qxd5 27. Ne4 Nd3 28. Bxd3
cxd3 29. Ned6 d2 30. Rxd2 Re1+ 31. Kh2 Qe6 32. Nxb7 Ng5 33. Nbd6 Qf6 34. Qg4 Rb1
35. Nh4 Ra1 36. Rd4 Qxf2 37. Rf3 Qg1+ 38. Kg3 Nxf3 39. Nxf7+ Kh7 40. Qg6# 1-0

[Event "Women's Speed Chess Q2"]
[Site "chess.com INT"]
[Date "2021.05.29"]
[Round "4"]
[White "Grigoryan, Meri"]
[Black "Ortez, Andrea"]
[Result "1/2-1/2"]
[WhiteTitle "WFM"]
[BlackTitle "WIM"]
[WhiteElo "2044"]
[BlackElo "1969"]
[WhiteFideId "13300571"]
[BlackFideId "6702392"]
[EventDate "2021.05.29"]

1. d4 d5 2. c4 e6 3. Nc3 Nf6 4. cxd5 exd5 5. Nf3 c6 6. Bf4 h6 7. e3 Bd6 8. Bxd6
Qxd6 9. Bd3 Bg4 10. h3 Be6 11. Qb3 Qc7 12. Ne5 Nbd7 13. f4 Nxe5 14. fxe5 Nd7 15.
O-O Qb6 16. Qc2 O-O 17. Rf4 Qd8 18. Raf1 Qe7 19. e4 f6 20. exf6 Nxf6 21. e5 Nd7
22. Bf5 Bxf5 23. Rxf5 Rxf5 24. Rxf5 Rf8 25. Qf2 Qe6 26. Rxf8+ Nxf8 27. Ne2 Qf7
28. Nf4 a6 29. Qg3 Ne6 30. Nxe6 Qxe6 31. Qh4 Kh7 32. Kh2 Qf5 33. Qg3 Qe4 34. Qf2
Qg6 35. Kg1 Qb1+ 36. Kh2 Qg6 37. a3 Qe4 38. b4 Qg6 39. Qd2 Qe4 40. Kg1 b6 41.
Kh2 c5 42. bxc5 bxc5 43. dxc5 Qxe5+ 44. Kh1 d4 45. c6 Qc5 46. Qd3+ Kh8 47. Qe4
Qc1+ 48. Kh2 Qc5 49. Qe8+ Kh7 50. Qe4+ Kh8 51. Qe8+ Kh7 52. Qe4+ Kh8 1/2-1/2

[Event "Women's Speed Chess Q2"]
[Site "chess.com INT"]
[Date "2021.05.29"]
[Round "4"]
[White "Marjanovic, Annamaria"]
[Black "Papp, Petra"]
[Result "1/2-1/2"]
[WhiteTitle "WGM"]
[BlackTitle "WGM"]
[WhiteElo "2338"]
[BlackElo "2336"]
[WhiteFideId "750930"]
[BlackFideId "739049"]
[EventDate "2021.05.29"]

1. c4 e5 2. g3 Nc6 3. Bg2 Bc5 4. Nc3 d6 5. e3 a6 6. a3 Ba7 7. Nge2 Nf6 8. b4 O-O
9. Bb2 Bf5 10. d3 Qd7 11. O-O Bh3 12. d4 exd4 13. exd4 Bxg2 14. Kxg2 Rfe8 15.
Qd3 d5 16. c5 Ne4 17. Nf4 Nxc3 18. Bxc3 Re4 19. f3 Re7 20. Rfe1 Rae8 21. Rxe7
Rxe7 22. Re1 Rxe1 23. Bxe1 Nd8 24. g4 c6 25. Bg3 Bb8 26. Ne2 Bxg3 27. Nxg3 Ne6
28. Qe3 g6 29. f4 Qe7 30. Qe5 f6 31. Qe3 Kf7 32. f5 Ng5 33. Qxe7+ Kxe7 34. h4
Nf7 35. Kf3 g5 36. hxg5 Nxg5+ 37. Kf4 Nh3+ 38. Ke3 Ng5 39. Nh5 Ne4 40. Nf4 Nc3
41. Kd3 Nb5 42. a4 Nc7 43. Ne2 Kf7 44. Nf4 Ke7 45. Nh5 Kf7 46. Nf4 Ke7 1/2-1/2

[Event "Women's Speed Chess Q2"]
[Site "chess.com INT"]
[Date "2021.05.29"]
[Round "4"]
[White "Nguyen, Thi Mai Hung"]
[Black "Pham, Le Thao Nguyen"]
[Result "0-1"]
[WhiteTitle "WGM"]
[BlackTitle "IM"]
[WhiteElo "2254"]
[BlackElo "2369"]
[WhiteFideId "12401676"]
[BlackFideId "12401226"]
[EventDate "2021.05.29"]

1. d4 Nf6 2. Nf3 d5 3. c4 e6 4. g3 Bb4+ 5. Nbd2 O-O 6. Bg2 Re8 7. O-O b6 8. a3
Bf8 9. cxd5 exd5 10. b4 Bb7 11. Bb2 Nbd7 12. Rc1 Bd6 13. Re1 a6 14. Qb3 Qe7 15.
e3 g6 16. Nb1 b5 17. Nc3 Nb6 18. Ne2 Nc4 19. Ba1 c6 20. Nf4 Bc8 21. Nd3 Bf5 22.
Nc5 Ne4 23. Nh4 Bd7 24. Qa2 a5 25. Nxe4 dxe4 26. Bf1 Be6 27. Qc2 Bd5 28. Bxc4
Bxc4 29. Bc3 axb4 30. axb4 Ra2 31. Qb1 Bd5 32. Ng2 g5 33. Rc2 Ra4 34. Rb2 Rea8
35. Rc1 Qf6 36. Ne1 h6 37. Nc2 h5 38. Rf1 h4 39. Qd1 Kg7 40. Qg4 Rh8 41. Kg2 Qg6
42. f4 exf3+ 43. Kf2 f5 44. Qh3 g4 45. Qxh4 Rxh4 46. gxh4 Bxh2 47. Ne1 g3# 0-1

[Event "Women's Speed Chess Q2"]
[Site "chess.com INT"]
[Date "2021.05.29"]
[Round "4"]
[White "Varney, Zoe"]
[Black "Farhat Willemstein, Stela Souza"]
[Result "1/2-1/2"]
[WhiteTitle "WCM"]
[BlackTitle "WFM"]
[WhiteElo "1917"]
[BlackElo "1758"]
[WhiteFideId "436135"]
[BlackFideId "2109808"]
[EventDate "2021.05.29"]

1. e4 c5 2. Nf3 d6 3. d4 cxd4 4. Nxd4 Nf6 5. Nc3 g6 6. Be3 Bg7 7. f3 O-O 8. Qd2
Nc6 9. O-O-O a6 10. g4 Nxd4 11. Bxd4 Be6 12. h4 Qa5 13. h5 Bxa2 14. hxg6 fxg6
15. Bxf6 Bxf6 16. f4 Bxc3 17. Qxc3 Qxc3 18. bxc3 Rac8 19. Rd4 Rxc3 20. Kb2 Rfc8
21. Kxa2 Rxc2+ 22. Kb3 b5 23. Rh3 Rf2 24. Bd3 Rxf4 25. Bc2 Rxg4 26. Rd2 a5 27.
Rdh2 h5 28. Kb2 a4 29. Re3 b4 30. e5 d5 31. Bxa4 Rgc4 32. Bb3 R4c5 33. Rd2 e6
34. Rg3 Kg7 35. Rdg2 R5c7 36. Rxg6+ Kh7 37. Rxe6 Rg7 38. Rxg7+ Kxg7 39. Rd6 Rc5
40. Rxd5 Rxd5 41. Bxd5 h4 42. e6 Kf6 43. Kc2 h3 44. Kd3 h2 45. Kc4 h1=Q 46. Bxh1
Kxe6 47. Kxb4 1/2-1/2

[Event "Women's Speed Chess Q2"]
[Site "chess.com INT"]
[Date "2021.05.29"]
[Round "4"]
[White "Morris-Suzuki, Sophie"]
[Black "Mendoza, Shania Mae"]
[Result "0-1"]
[WhiteTitle "WFM"]
[BlackTitle "WFM"]
[WhiteElo "2043"]
[BlackElo "2158"]
[WhiteFideId "30922615"]
[BlackFideId "5211158"]
[EventDate "2021.05.29"]

1. e4 e5 2. Nc3 Bb4 3. Qg4 Nf6 4. Qxg7 Rg8 5. Qh6 Rg6 6. Qe3 Nc6 7. Nf3 d6 8.
Bc4 Bc5 9. Qe2 Rxg2 10. Rf1 Bg4 11. Bb5 Nd7 12. Bxc6 bxc6 13. d3 Qf6 14. Be3
Qxf3 15. Bxc5 Nxc5 16. Qxf3 Bxf3 17. Ne2 Ke7 18. Ng3 Rg8 19. Kd2 Rxh2 20. Ke3
Bg4 21. c3 Ne6 22. Rg1 Rg6 23. d4 Nf4 24. Raf1 Bh3 25. Rd1 Ng2+ 26. Kd3 Nf4+ 27.
Ke3 Bg4 28. f3 Be6 29. Rh1 Rxh1 30. Nxh1 Rg2 31. Nf2 h5 32. Rh1 Rg3 33. c4 Bxc4
34. Rc1 Be6 35. Nd1 h4 36. Nf2 h3 37. Rh1 Rg2 38. Kd2 Rxf2+ 39. Ke1 Rxb2 40. Rg1
Rb1+ 41. Kf2 Rxg1 42. Kxg1 Ne2+ 43. Kh2 Nxd4 44. Kg3 Nc2 45. f4 Nb4 46. f5 Bxa2
47. Kxh3 Bb1 48. Kg4 Bxe4 49. Kg5 Bxf5 50. Kxf5 a5 51. Kg5 a4 52. Kh6 a3 53. Kg7
a2 54. Kg8 a1=Q 55. Kg7 f5 56. Kh8 f4 57. Kg7 f3 58. Kg8 f2 59. Kg7 e4+ 60. Kh7
f1=Q 61. Kh6 Qg7+ 62. Kh5 Qh1# 0-1

[Event "Women's Speed Chess Q2"]
[Site "chess.com INT"]
[Date "2021.05.29"]
[Round "4"]
[White "Varshini, V"]
[Black "Daulyte-Cornette, Deimante"]
[Result "1-0"]
[WhiteTitle "WGM"]
[BlackTitle "IM"]
[WhiteElo "2226"]
[BlackElo "2387"]
[WhiteFideId "5091241"]
[BlackFideId "12802859"]
[EventDate "2021.05.29"]

1. e4 Nf6 2. Nc3 d6 3. d4 e5 4. Nf3 Nbd7 5. Be2 Be7 6. O-O O-O 7. dxe5 dxe5 8.
h3 c6 9. Be3 Qc7 10. Nd2 Nc5 11. f4 exf4 12. Bxf4 Bd6 13. Bg5 Be5 14. Bd3 Ne6
15. Be3 b5 16. a3 Rd8 17. Qf3 Nd4 18. Qd1 a6 19. Nf3 Nxf3+ 20. Qxf3 Be6 21. Bf4
c5 22. Bxe5 Qxe5 23. Qf4 Qxf4 24. Rxf4 c4 25. Bf1 Rd2 26. Rf2 Rad8 27. Re1 h6
28. Rxd2 Rxd2 29. Re2 Rxe2 30. Bxe2 Kf8 31. Kf2 Ke7 32. Ke3 Kd6 33. Kd4 Nd7 34.
e5+ Ke7 35. Nd5+ Kd8 36. Bf3 Bf5 37. c3 Nb8 38. Ne3 Be6 39. Kc5 Kc7 40. Nd5+
Bxd5 41. Bxd5 Nd7+ 42. Kd4 Kd8 43. Bxf7 Ke7 44. Bd5 g5 45. Bb7 a5 46. Bc6 b4 47.
Bxd7 Kxd7 48. axb4 axb4 49. cxb4 Ke6 50. b5 1-0

[Event "Women's Speed Chess Q2"]
[Site "chess.com INT"]
[Date "2021.05.29"]
[Round "4"]
[White "Shvedova, Alexandra"]
[Black "Gaponenko, Inna"]
[Result "0-1"]
[WhiteTitle "WFM"]
[BlackTitle "IM"]
[WhiteElo "1976"]
[BlackElo "2357"]
[WhiteFideId "54154782"]
[BlackFideId "14101181"]
[EventDate "2021.05.29"]

1. e4 g6 2. d4 Bg7 3. Nc3 d6 4. f4 Nf6 5. Nf3 O-O 6. Bd3 Nc6 7. e5 dxe5 8. dxe5
Nd5 9. Nxd5 Qxd5 10. Qe2 Bg4 11. Be3 Nb4 12. Bc4 Qc6 13. O-O-O Rfd8 14. h3 Bxf3
15. gxf3 Nd5 16. Bb3 Nxe3 17. Qxe3 e6 18. h4 h5 19. Rd3 Rxd3 20. Qxd3 Bh6 21.
Qe3 Rd8 22. c3 Qb6 23. Qe4 Qf2 24. Bc2 Qd2+ 25. Kb1 Qxf4 26. Qxb7 Qxe5 27. a3
Rd2 28. Qxa7 Be3 29. Qa8+ Kg7 30. Qe4 Qc5 31. Re1 Bf2 32. Re2 Rxe2 33. Qxe2 Bxh4
34. Ka2 Bf6 35. a4 h4 36. Qh2 g5 37. f4 g4 38. Kb1 g3 39. Qh3 Qc4 40. Qg4+ Kf8
41. Qh5 Qf1+ 42. Ka2 g2 43. Qc5+ Kg7 44. Qh5 g1=Q 45. Qh7+ Kf8 46. Qh6+ Ke7 47.
Qh5 Qa1+ 48. Kb3 Qb6+ 49. Kc4 Qaxb2 50. Qd5 Qxc3# 0-1

[Event "Women's Speed Chess Q2"]
[Site "chess.com INT"]
[Date "2021.05.29"]
[Round "4"]
[White "Nguyen, Thi Thanh An"]
[Black "Socko, Monika"]
[Result "0-1"]
[WhiteTitle "WGM"]
[BlackTitle "GM"]
[WhiteElo "2259"]
[BlackElo "2421"]
[WhiteFideId "12400300"]
[BlackFideId "1106619"]
[EventDate "2021.05.29"]

1. d4 Nf6 2. Bf4 g6 3. e3 Bg7 4. Nf3 d6 5. h3 O-O 6. Be2 Nc6 7. O-O Re8 8. c3
Bf5 9. Nbd2 e5 10. Bg5 h6 11. Bh4 g5 12. Bg3 e4 13. Ne1 Bg6 14. c4 Qe7 15. Nc2
Nd7 16. b4 f5 17. b5 Nd8 18. Rc1 Rf8 19. Nb4 c6 20. Qa4 f4 21. Bh2 Rc8 22. bxc6
Nxc6 23. Nxc6 bxc6 24. Nb3 Nb6 25. Qa3 Rcd8 26. c5 Nd5 27. cxd6 Rxd6 28. Bc4 Kh7
29. Bxd5 cxd5 30. Rc5 Rd7 31. Rfc1 Qf7 32. Qb2 f3 33. g4 h5 34. Rc7 hxg4 35.
Rxd7 Qxd7 36. Rc7 Qf5 37. Be5 Rf7 38. Rxf7 Bxf7 39. Bxg7 Kxg7 40. Nc5 gxh3 41.
Qb8 Qg4+ 42. Qg3 Qxg3+ 43. fxg3 g4 44. a4 Kf8 45. a5 Ke7 0-1

[Event "Women's Speed Chess Q2"]
[Site "chess.com INT"]
[Date "2021.05.29"]
[Round "4"]
[White "Kiran, Manisha Mohanty"]
[Black "Mahalakshmi, M"]
[Result "1-0"]
[WhiteTitle "WGM"]
[BlackTitle "WIM"]
[WhiteElo "2168"]
[BlackElo "2253"]
[WhiteFideId "5019575"]
[BlackFideId "5001080"]
[EventDate "2021.05.29"]

1. e4 c6 2. d4 d5 3. e5 Bf5 4. h4 h5 5. c4 e6 6. Nc3 Nd7 7. Nge2 dxc4 8. Ng3 Bg6
9. Bxc4 Qb6 10. Bg5 Qxb2 11. Rc1 Bb4 12. Bd2 Nb6 13. Bb3 O-O-O 14. Nge2 Bd3 15.
O-O Bxe2 16. Qxe2 Bxc3 17. Rc2 Qa3 18. Bxc3 Ne7 19. Qf3 Nf5 20. Rfc1 Kb8 21. Qe4
Qe7 22. a4 Qxh4 23. Qxh4 Nxh4 24. Bb4 Nc8 25. d5 exd5 26. a5 a6 27. Ba4 Ng6 28.
Bc3 Rhe8 29. Rb1 Na7 30. Bb4 Nxe5 31. f4 Nd3 32. Bd2 Re4 33. Bxc6 Nxc6 34. Rxc6
Re2 35. Bc3 Nxf4 36. Rcb6 Rd7 37. g3 Nd3 38. Bxg7 f5 39. Bd4 Re4 40. Bf6 f4 41.
Bh4 Ne5 42. gxf4 Nf3+ 43. Kf2 Nxh4 44. Rg1 Nf5 45. Rg8+ Ka7 46. Rf6 Nd4 47. Rff8
Rde7 48. Ra8# 1-0

[Event "Women's Speed Chess Q2"]
[Site "chess.com INT"]
[Date "2021.05.29"]
[Round "4"]
[White "Singgih, Diajeng Theresa"]
[Black "Makhija, Aashna"]
[Result "0-1"]
[WhiteTitle "WFM"]
[BlackTitle "WIM"]
[WhiteElo "1972"]
[BlackElo "1969"]
[WhiteFideId "7104391"]
[BlackFideId "25011944"]
[EventDate "2021.05.29"]

1. e4 e6 2. d4 d5 3. exd5 exd5 4. Nf3 Nf6 5. Bd3 c5 6. c3 c4 7. Bc2 Bd6 8. O-O
O-O 9. b3 cxb3 10. axb3 Nc6 11. Re1 h6 12. c4 Nb4 13. Nc3 Nxc2 14. Qxc2 Be6 15.
c5 Bc7 16. b4 a5 17. b5 b6 18. c6 Ne8 19. Ne5 Nd6 20. Qe2 Qf6 21. Be3 Rad8 22.
Ra3 Nc4 23. Nxc4 dxc4 24. Ne4 Qg6 25. Bc1 Bd5 26. Re3 f5 27. Rg3 Bxg3 28. Nxg3
f4 29. Ne4 Rfe8 30. f3 Bxe4 31. fxe4 Rxd4 32. e5 Qd3 33. Qh5 Rf8 34. e6 Re4 35.
Rd1 Qe2 36. Qd5 Kh7 37. c7 Rxe6 38. Qd8 Ree8 39. Qd5 Rc8 40. Qd6 Rfe8 41. Bxf4
Qc2 42. Bg3 Re2 43. Qd5 c3 44. Rf1 Qd2 45. Qf5+ g6 46. Qxc8 Rxg2+ 47. Kh1 Qd5
48. Qd8 Rf2+ 0-1